Comprehensive Textbook of Child Health Nursing with Procedures for BSc Nursing Students (Record no. 362495)
[ view plain ]
| 000 -LEADER | |
|---|---|
| fixed length control field | 00521nam a22001697a 4500 |
| 005 - DATE AND TIME OF LATEST TRANSACTION | |
| control field | 20250507105512.0 |
| 008 - FIXED-LENGTH DATA ELEMENTS--GENERAL INFORMATION | |
| fixed length control field | 250110b |||||||| |||| 00| 0 eng d |
| 020 ## - INTERNATIONAL STANDARD BOOK NUMBER | |
| International Standard Book Number | 978-93-93885-91-3 |
| 041 ## - LANGUAGE CODE | |
| Language code of text/sound track or separate title | English |
| 082 ## - DEWEY DECIMAL CLASSIFICATION NUMBER | |
| Edition number | 2nd ed. |
| Classification number | P 610.7362 SHA DB1336 |
| 100 ## - MAIN ENTRY--PERSONAL NAME | |
| Author | Shakyawal Ankita |
| 245 ## - TITLE STATEMENT | |
| Title | Comprehensive Textbook of Child Health Nursing with Procedures for BSc Nursing Students |
| 260 ## - PUBLICATION, DISTRIBUTION, ETC. | |
| Place of publication, distribution, etc. | Bengaluru |
| Name of publisher, distributor, etc. | EMMESS Medical Publisher Pvt. Ltd. |
| Date of publication, distribution, etc. | 2024 |
| 300 ## - PHYSICAL DESCRIPTION | |
| Extent | 900p |
| 365 ## - TRADE PRICE | |
| Price amount | Rs.1295 |
| 942 ## - ADDED ENTRY ELEMENTS (KOHA) | |
| Koha item type | Donated Book |
| Withdrawn status | Lost status | Source of classification or shelving scheme | Damaged status | Not for loan | Home library | Current library | Date acquired | Net Price | Bill number | Total Checkouts | Total Renewals | Full call number | Barcode | Date last seen | Date last checked out | Bill Date | Koha item type | Original Barcode | Vendor | Date due | Actual Price |
|---|---|---|---|---|---|---|---|---|---|---|---|---|---|---|---|---|---|---|---|---|---|
| Dewey Decimal Classification | Sitabai Nargundkar College of Nursing Nagpur | Sitabai Nargundkar College of Nursing Nagpur | 07/05/2025 | 1295.00 | IK#2025-26#00509 | 17 | 1 | 610.7362 /SHA | SNCN-DB-277 | 13/05/2026 | 13/05/2026 | 06/05/2025 | Donated Book | Donated by Vaishnavi Rajuji Bawanthade | 07/07/2026 | 1295.00 | |||||
| Dewey Decimal Classification | Smt. Bakul Tambat Institute of Nursing Education | Smt. Bakul Tambat Institute of Nursing Education | 07/01/2025 | 1295.00 | IK#2024-2025#315 | 8 | 9 | P 610.7362 SHA DB1336 | BTIN-DB-1336 | 21/02/2026 | 27/01/2026 | 07/01/2025 | Donated Book | DB1336 |